Financial Penalties in the Roman Republic : A Study of Confiscations of Individual Property, Public Sales, and Fines (509-58 BC) /
Private property in Rome effectively measures the suitability of each individual to serve in the army and to compete in the political arena. What happens then, when a Roman citizen is deprived of his property? Financial penalties played a crucial role in either discouraging or effectively punishing...
المؤلف الرئيسي:
التنسيق: كتاب الكتروني
اللغة: English
منشور في:
Leiden; Boston :
BRILL,
2022.
سلاسل:
Mnemosyne, Supplements ;
447.
Mnemosyne Supplements Online, Supplement 2021, ISBN: 9789004441934.
الموضوعات:
الوصول للمادة أونلاين: Login to view Source
الوسوم: إضافة وسم
رقم الطلب: DG311
| LEADER | 02477nam a22004818i 4500 | ||
|---|---|---|---|
| 001 | BRILL9789004498730 | ||
| 003 | nllekb | ||
| 005 | 20230529211008.0 | ||
| 006 | m d | ||
| 007 | cr un uuuua | ||
| 008 | 200716s2022 ne sb 001 0 eng d | ||
| 020 | |a 9789004498730 |q (electronic book) | ||
| 020 | |a 9789004498662 |q (print) | ||
| 024 | 7 | |a 10.1163/9789004498730 |2 DOI | |
| 035 | |z (OCoLC)1259585319 | ||
| 040 | |a NL-LeKB |c NL-LeKB |e rda | ||
| 050 | 4 | |a DG311 | |
| 072 | 7 | |a HBLA1 |2 bicssc | |
| 072 | 7 | |a HIS |x 002000 | |
| 072 | 7 | |a HIS |x 039000 | |
| 082 | 0 | 4 | |a 937.06 |2 23 |
| 100 | 1 | |a Piacentin, Sofia, |e author. | |
| 245 | 1 | 0 | |a Financial Penalties in the Roman Republic : |b A Study of Confiscations of Individual Property, Public Sales, and Fines (509-58 BC) / |c Sofia Piacentin. |
| 246 | 3 | |a A Study of Confiscations of Individual Property, Public Sales, and Fines (509-58 BC) | |
| 264 | 1 | |a Leiden; |a Boston : |b BRILL, |c 2022. | |
| 300 | |a 1 online resource. | ||
| 336 | |a text |b txt |2 rdacontent | ||
| 337 | |a computer |b c |2 rdamedia | ||
| 338 | |a online resource |2 rdacarrier | ||
| 490 | 1 | |a Mnemosyne, Supplements ; |v 447 | |
| 490 | 1 | |a Mnemosyne Supplements Online, Supplement 2021, ISBN: 9789004441934 | |
| 504 | |a Includes bibliographical references and index. | ||
| 520 | |a Private property in Rome effectively measures the suitability of each individual to serve in the army and to compete in the political arena. What happens then, when a Roman citizen is deprived of his property? Financial penalties played a crucial role in either discouraging or effectively punishing wrongdoers. This book offers the first coherent discussion of confiscations and fines in the Roman Republic by exploring the political, social, and economic impact of these punishments on private wealth. | ||
| 559 | 4 | |a DG311 | |
| 588 | |a Description based on print version record. | ||
| 650 | 0 | |a History, Ancient. | |
| 776 | 0 | 8 | |i Print version: |t Financial Penalties in the Roman Republic : A Study of Confiscations of Individual Property, Public Sales, and Fines (509-58 BC). |d Leiden ; Boston : BRILL, 2022 |z 9789004498662 |
| 830 | 0 | |a Mnemosyne, Supplements ; |v 447. | |
| 830 | 0 | |a Mnemosyne Supplements Online, Supplement 2021, ISBN: 9789004441934. | |
| 856 | 4 | |z DOI: |u http://dx.doi.org/10.1163/9789004498730 | |
| 942 | |2 lcc |c EBOOK | ||
| 952 | |0 0 |1 0 |2 lcc |4 0 |6 DG0311 |7 1 |9 48165 |a BRILL |b BRILL |d 2023-05-29 |l 0 |o DG311 |r 2023-05-29 00:00:00 |w 2023-05-29 |y EBOOK | ||
| 999 | |c 53509 |d 53509 | ||
